International business : firm and environment (Record no. 44343)
[ view plain ]
| 000 -LEADER | |
|---|---|
| fixed length control field | 00628 a2200241 4500 |
| 037 ## - SOURCE OF ACQUISITION | |
| Stock number | De 8643 |
| 020 ## - NUMERO INTERNATIONAL NORMALISE DES LIVRES | |
| International Standard Book Number | 0-07-054274-0 |
| 100 ## - VEDETTE PRINCIPALE - NOM DE PERSONNE | |
| Personal name | Rugman, Alan M. |
| 100 ## - VEDETTE PRINCIPALE - NOM DE PERSONNE | |
| Language of a work | En |
| 260 ## - PUBLICATION, DISTRIBUTION, ETC. (IMPRINT) | |
| Place of publication, distribution, etc | Etats-unies |
| 260 ## - PUBLICATION, DISTRIBUTION, ETC. (IMPRINT) | |
| Name of publisher, distributor, etc | McGraw-hill |
| 245 ## - TITLE STATEMENT | |
| Title | International business : firm and environment |
| 260 ## - PUBLICATION, DISTRIBUTION, ETC. (IMPRINT) | |
| Date of publication, distribution, etc | 1985 |
| 300 ## - PHYSICAL DESCRIPTION | |
| Extent | 458p |
| 300 ## - PHYSICAL DESCRIPTION | |
| Other physical details | 25cm |
| 630 ## - SUBJECT ADDED ENTRY--UNIFORM TITLE | |
| Uniform title | 65 - Gestion et organisation de l'industrie du commerce et des transports |
| 650 ## - SUBJECT ADDED ENTRY--TOPICAL TERM | |
| Topical term or geographic name as entry element | 6 - SCIENCES APPLIQUEES |
| 650 ## - SUBJECT ADDED ENTRY--TOPICAL TERM | |
| Topical term or geographic name as entry element | Commerce international : entreprise |
| 700 ## - ADDED ENTRY--PERSONAL NAME | |
| Personal name | Lecraw, Donald J. |
| 700 ## - ADDED ENTRY--PERSONAL NAME | |
| Personal name | Booth, Laurence D. |
| Withdrawn status | Lost status | Damaged status | Not for loan | Location (home branch) | Sublocation or collection (holding branch) | Date acquired | Koha issues (times borrowed) | Koha full call number | Koha date last seen | Price effective from | Koha item type |
|---|---|---|---|---|---|---|---|---|---|---|---|
| Bibliothèque Universitaire Centrale | Bibliothèque Universitaire Centrale | 28/02/2009 | 658 RUG | 28/02/2009 | 28/02/2009 | Livre |